000 01618cam a22003854a 4500
001 12891707
003 OSt
005 20240719104450.0
008 020812s2003 nyu b 001 0 eng
010 _a 2002030835
020 _a1403961239
040 _aDLC
_cMUST
_dDLC
042 _apcc
043 _ae------
050 0 0 _aJC362
_b.H488 2003
082 _a320.54 HOL 2003
100 1 _aHolbraad, Carsten.
_918860
245 1 0 _aInternationalism and nationalism in European political thought /
_cCarsten Holbraad.
250 _a1st ed.
260 _aNew York :
_bPalgrave Macmillan,
_c2003.
300 _axii, 194 p. ;
_c22 cm.
440 0 _a[Palgrave Macmillan series on the history of international thought]
_918861
500 _aSeries statement from series t.p. of: International theory of Leonard Woolf / Peter Wilson, 2003.
504 _aIncludes bibliographical references and index.
650 0 _aInternationalism.
_918862
650 0 _aNationalism.
_915625
650 0 _aInternational cooperation.
_96952
650 0 _aPolitical science
_zEurope.
_918863
856 4 2 _3Contributor biographical information
_uhttp://www.loc.gov/catdir/bios/hol052/2002030835.html
856 4 2 _3Publisher description
_uhttp://www.loc.gov/catdir/description/hol031/2002030835.html
856 4 1 _3Table of contents
_uhttp://www.loc.gov/catdir/toc/hol031/2002030835.html
906 _a7
_bcbc
_corignew
_d1
_eocip
_f20
_gy-gencatlg
942 _2ddc
_cO_SHELF
999 _c9243
_d9243